| 000 | 00363nam a22001457a 4500 | ||
|---|---|---|---|
| 020 | _qHB. | ||
| 040 | _cFIZZA ISHAQ | ||
| 082 |
_a624.18 _bMAR |
||
| 100 |
_aSOUTSOS,MARIOS. _991266 |
||
| 245 |
_aCONSTRUCTION MATERIALS THEIR NATURE AND BEHAVIOR / _cMARIOS SOUTSOS. |
||
| 250 | _a5TH ED. | ||
| 260 |
_bCRC PRESS, _c2018. |
||
| 300 | _a820 P. ; | ||
| 942 |
_2ddc _cBK |
||
| 999 |
_c593607 _d593607 |
||